000 00528nam a2200169Ia 4500
003 IN-BaIIA
008 211028s9999 xx 000 0 eng d
040 _cIIA Library
080 _a519.68(035)
_bMIC
110 _aMicrosoft Corporation
_915277
245 0 _aMicrosoft COBOL compiler
_bfor the MS-DOS operating system user's guide
_cMicrosoft Cobal Compiler
300 _axv, 150p.
650 _aCOBOL DOS
_915278
650 _aComputer programming
650 _aNASA Thesaurus
942 _cBK
999 _c9100
_d9100